KOHA-Header-6

A Complete Reference for UNIX, Windows (Record no. 8343)

000 -LEADER
fixed length control field 00276nam a2200109Ia 4500
100 ## - MAIN ENTRY--AUTHOR NAME
Personal name John Chirillo
245 #2 - TITLE STATEMENT
Title A Complete Reference for UNIX, Windows
260 ## - PUBLICATION, DISTRIBUTION, ETC. (IMPRINT)
Place of publication New Delhi
Name of publisher McGraw Hill
Year of publication 2000
300 ## - PHYSICAL DESCRIPTION
Number of Pages 421
942 ## - ADDED ENTRY ELEMENTS (KOHA)
Koha item type Books
Holdings
Withdrawn status Lost status Collection code Permanent Location Current Location Shelving location Date acquired Full call number Accession Number Koha item type
    Computer Networking MAJU MAJU   2019-09-13 005.43 2997 Computer Networking

Powered by Koha